000 00346nam a22001457a 4500
008 210305b ||||| |||| 00| 0 eng d
020 _a0716713764
041 _aeng
080 _22nd
_a91
082 _a91
100 _a42
101 _aGJEO
245 _aAn Introduction to the Study of Rocks in Thin Sections
_cWilliams, H
942 _2udc
_cBK
999 _c55846
_d55846